Normal view
MARC view
Entry Personal Name
001 - CONTROL NUMBER
- control field: 19281
003 - CONTROL NUMBER IDENTIFIER
- control field: OSt
005 - DATE AND TIME OF LATEST TRANSACTION
- control field: 20230217111326.0
008 - FIXED-LENGTH DATA ELEMENTS
- fixed length control field: 230217|| aca||aabn | a|a d
040 ## - CATALOGING SOURCE
- Original cataloging agency: OSt
- Transcribing agency: OSt
100 ## - HEADING--PERSONAL NAME
- Personal name: မင်းကြည်လှိုင်၊ သန်လျင်
670 ## - SOURCE DATA FOUND
- Source citation: Work cat.: (OSt): မင်းကြည်လှိုင်၊ သန်လျင်, ရှင်ဥပရတ္တထေရုပ္ပတ္တိတော်\, ၂၀၁၁